00877nam a22002537a 450000500170000001000150001702000260003203500140005803700130007208200080008524500800009326000380017327000430021130000200025449000260027450000410030050501400034152000270048165000190050865000250052765000350055265000190058770000170060620150812150638.0 aENG-113567 a9788125054849c750.00 aEN- 97099 bDBAD/PUB a300 aCovering and explaining conflict in civil society /cedited by Nalini Rajan aNew DelhibOrient Blackswanc2014 a1/24, Asaf Ali RoadbNew Delhie110002 a207p.c23cm(Hb) aStudies in journalism aIncludes bibliographical references  apart I. Covering conflict in civil society -- part II. Explaining conflict in civil society -- part III. Civil society in social media. a Contributed articles. aCivil society. aConflict management. aSocial conflict in mass media. a Social media. aNalini Rajan